| 000 | 00533nam a22001817a 4500 | ||
|---|---|---|---|
| 005 | 20170804142609.0 | ||
| 010 | _aENG-119525 | ||
| 020 |
_a9788192557144 _c450.00 |
||
| 035 | _aEN-103057 | ||
| 037 | _bDBAD/PUB | ||
| 082 | _a333.783 | ||
| 100 | _aRai,Anil | ||
| 245 |
_aNational parks in India : _cby Anil Rai |
||
| 260 |
_aAllahbad _bAnurag PUblication _c2015 |
||
| 270 |
_aSarashwati House,U-9, Subhash Park, Uttam Nagar _bAllahbad _e211001 |
||
| 300 |
_a160p. _c22cm(Hb) |
||
| 942 |
_2ddc _cEN _h333.783 _mRAI |
||
| 999 |
_c143123 _d143123 |
||